Before the Coffee Gets Cold (Record no. 43191)

MARC details
000 -LEADER
fixed length control field 00432nam a22001697a 4500
005 - DATE AND TIME OF LATEST TRANSACTION
control field 20250104192048.0
008 - FIXED-LENGTH DATA ELEMENTS--GENERAL INFORMATION
fixed length control field 250104b |||||||| |||| 00| 0 eng d
020 ## - INTERNATIONAL STANDARD BOOK NUMBER
International Standard Book Number 9781035063321
041 ## - LANGUAGE CODE
Language code of text/sound track or separate title Eng
082 ## - DEWEY DECIMAL CLASSIFICATION NUMBER
Classification number 823 KAW
100 ## - MAIN ENTRY--PERSONAL NAME
Author Kawaguchi, Toshikazu
245 ## - TITLE STATEMENT
Title Before the Coffee Gets Cold
260 ## - PUBLICATION, DISTRIBUTION, ETC.
Place Tokyo
Publisher Picador
Publication Year 2015
300 ## - PHYSICAL DESCRIPTION
Extent 214;. P.
650 ## - SUBJECT ADDED ENTRY--TOPICAL TERM
Subject Fiction; Literary; Novels; Science Fiction
942 ## - ADDED ENTRY ELEMENTS (KOHA)
Koha item type Books
Holdings
Withdrawn status Lost status Source of classification or shelving scheme Damaged status Not for loan Home library Current library Shelving location Accession Date Vendor Price Bill number Total Checkouts Total Renewals Full call number Barcode No Date due Date last seen Date last checked out Bill Date Koha item type
    Dewey Decimal Classification     IMTN IMTN Rack 40-B 12/30/2024 Raghav Books Pvt. LTD. 1899.00 1861 8 4 823 KAW 33593 01/22/2026 01/12/2026 01/12/2026 01/04/2025 Books
Designed & Maintained by: LRC IMT Nagpur Contact: lrc@imtnag.ac.in© 2024. All Rights Reserved.